[Event "42nd POL-ch (w)"]
[Site "Konin POL"]
[Date "1990.03.??"]
[Round "5"]
[White "Swiecik, Iwona"]
[Black "Klusek, Danuta"]
[Result "1-0"]
[WhiteElo "2165"]
[BlackElo "2150"]
[EventDate "1990.03.13"]
[PlyCount "45"]

1.e4 e5 2.Nf3 Nc6 3.Bb5 a6 4.Ba4 b5 5.Bb3 Na5 6.O-O d6 7.d4 exd4 8.Nxd4 
Bb7 9.c4 c5 10.Nf5 g6 11.Ne3 Bg7 12.Nc3 Nxb3 13.Qxb3 b4 14.Ncd5 Nf6 15.
Nxf6+ Bxf6 16.Ng4 Bg7 17.Bf4 O-O 18.Rad1 Bd4 19.Qg3 Re8 20.Bxd6 Rxe4 21.
Bxc5 Rc8 22.Nh6+ Kg7 23.Bxd4+ 1-0

[Event "42nd POL-ch (w)"]
[Site "Konin POL"]
[Date "1990.03.??"]
[Round "5"]
[White "Erenska-Radzewska, Hanna"]
[Black "Jagodzinska, Joanna"]
[Result "0-1"]
[WhiteElo "2270"]
[BlackElo "2145"]
[EventDate "1990.03.13"]
[PlyCount "68"]

1.e4 c5 2.Nf3 d6 3.d4 cxd4 4.Nxd4 Nf6 5.Nc3 g6 6.Be2 Bg7 7.O-O Nc6 8.Nb3 
O-O 9.Kh1 a6 10.a4 Be6 11.f4 Rc8 12.f5 Bxb3 13.cxb3 Ne5 14.fxg6 hxg6 15.
Rf4 Qd7 16.Rh4 Rfd8 17.Be3 Qe6 18.Rc1 Rc6 19.Nd5 Rxc1 20.Bxc1 Nc6 21.Bf3 
Qe5 22.b4 e6 23.Nc3 Nxb4 24.Bf4 Qa5 25.Be2 Rd7 26.Qd2 Nc6 27.Rh3 Kf8 28.
Kg1 Ne5 29.Bd1 Qb4 30.Be2 Nc6 31.Be3 Nxe4 32.Nxe4 Qxe4 33.Bd3 Qb4 34.Kf2 
Qxb2 0-1

[Event "42nd POL-ch (w)"]
[Site "Konin POL"]
[Date "1990.03.??"]
[Round "5"]
[White "Fornal, Agnieszka"]
[Black "Wiese-Jozwiak, Malgorzata"]
[Result "1/2-1/2"]
[WhiteElo "2170"]
[BlackElo "2225"]
[EventDate "1990.03.13"]
[PlyCount "43"]

1.d4 Nf6 2.c4 c5 3.d5 b5 4.a4 b4 5.b3 g6 6.Bb2 Bg7 7.Qc2 O-O 8.e4 d6 9.Nd2
e6 10.O-O-O Nbd7 11.h3 Nh5 12.Bxg7 Kxg7 13.Ngf3 Qf6 14.g3 Ne5 15.Nxe5 Qxe5
16.Bd3 Qa1+ 17.Nb1 Qf6 18.Qd2 exd5 19.exd5 Bd7 20.Rdf1 Qd4 21.Qc2 Rae8 22.
Nd2 1/2-1/2

[Event "42nd POL-ch (w)"]
[Site "Konin POL"]
[Date "1990.03.??"]
[Round "5"]
[White "Leszner-Bakalarz, Liliana"]
[Black "Grochot, Czeslawa"]
[Result "1/2-1/2"]
[WhiteElo "2175"]
[BlackElo "2050"]
[EventDate "1990.03.13"]
[PlyCount "108"]

1.e4 c5 2.Nc3 Nc6 3.g3 g6 4.Bg2 Bg7 5.d3 d6 6.Be3 e5 7.Qd2 Nge7 8.Bh6 O-O 
9.h4 f6 10.Bxg7 Kxg7 11.f4 Bg4 12.Bf3 Bxf3 13.Nxf3 Nd4 14.Nh2 b5 15.Nd1 d5
16.fxe5 fxe5 17.h5 dxe4 18.dxe4 Nf3+ 19.Nxf3 Rxf3 20.Qg2 Rf6 21.hxg6 h6 
22.Ne3 Qd4 23.Ke2 Raf8 24.Rad1 Rf2+ 25.Qxf2 Rxf2+ 26.Kxf2 Qxe4 27.Rh4 Qc6 
28.Rdh1 Kf6 29.Ke2 Nf5 30.Nxf5 Kxf5 31.Rxh6 Qe4+ 32.Kf2 Qd4+ 33.Ke2 Qg4+ 
34.Kd2 Qxg3 35.Rh7 Kxg6 36.R1h6+ Kf5 37.Rh5+ Ke4 38.Rh4+ Kd5 39.Rd7+ Ke6 
40.Rdh7 Qg2+ 41.Kd3 Qf3+ 42.Kd2 Kd5 43.Rd7+ Kc6 44.Rdh7 Qg2+ 45.Ke3 Qg3+ 
46.Ke2 Kd5 47.Rd7+ Ke6 48.Rdh7 Qg2+ 49.Ke3 Qg3+ 50.Ke2 a6 51.Rh8 Qg2+ 52.
Ke3 Qg5+ 53.Ke4 Qg2+ 54.Ke3 Qg1+ 1/2-1/2

[Event "42nd POL-ch (w)"]
[Site "Konin POL"]
[Date "1990.03.??"]
[Round "5"]
[White "Lissowska, Anna"]
[Black "Kaczorowska, Barbara"]
[Result "0-1"]
[WhiteElo "2220"]
[BlackElo "2195"]
[EventDate "1990.03.13"]
[PlyCount "62"]

1.d4 d5 2.c4 c6 3.Nc3 Nf6 4.Nf3 dxc4 5.a4 Bf5 6.e3 e6 7.Bxc4 Bb4 8.O-O O-O
9.Ne2 c5 10.Ng3 Bg6 11.Ne5 cxd4 12.exd4 Nc6 13.Nxg6 hxg6 14.Ne2 Rc8 15.Ba2
Qa5 16.Qd3 Rfd8 17.Rd1 a6 18.h4 Be7 19.Bd2 Qh5 20.Bg5 Ne5 21.Qb3 Qxe2 22.
dxe5 Rxd1+ 23.Qxd1 Qxe5 24.Rc1 Rd8 25.Qb3 b5 26.axb5 axb5 27.Qc3 Qe2 28.
Qb3 Bc5 29.Be3 Bxe3 30.fxe3 Rd2 31.Rc8+ Kh7 0-1

[Event "42nd POL-ch (w)"]
[Site "Konin POL"]
[Date "1990.03.??"]
[Round "5"]
[White "Majtyka, Bozena"]
[Black "Detko, Joanna"]
[Result "0-1"]
[WhiteElo "2090"]
[BlackElo "2090"]
[EventDate "1990.03.13"]
[PlyCount "82"]

1.e4 e5 2.Nf3 Nc6 3.Bc4 Bc5 4.c3 Nf6 5.b4 Bb6 6.d3 d6 7.O-O Qe7 8.a4 a6 9.
Na3 Bd7 10.Bb3 O-O 11.Nc4 Ba7 12.Be3 Kh8 13.Bxa7 Nxa7 14.Ne3 h6 15.h3 Rad8
16.Nh4 Be6 17.Nef5 Bxb3 18.Qxb3 Qd7 19.Nf3 Nc8 20.Rfe1 Ne7 21.Nxe7 Qxe7 
22.b5 a5 23.Qc2 Nd7 24.Nd2 f5 25.Nc4 fxe4 26.dxe4 b6 27.Ne3 Nf6 28.Rad1 
Qe6 29.Nd5 Nxd5 30.Rxd5 Rf6 31.f3 Rdf8 32.c4 Rg6 33.Kh1 Rxf3 34.Rd3 Rxg2 
35.Qxg2 Rxd3 36.Kh2 Qxc4 37.Rg1 g5 38.Qf2 Qe6 39.Rg3 Rxg3 40.Kxg3 Qb3+ 41.
Kh2 Kg7 0-1

[Event "42nd POL-ch (w)"]
[Site "Konin POL"]
[Date "1990.03.??"]
[Round "5"]
[White "Sikora-Gizynska, Bozena"]
[Black "Dabrowska, Krystyna"]
[Result "1-0"]
[WhiteElo "2230"]
[BlackElo "2160"]
[EventDate "1990.03.13"]
[PlyCount "101"]

1.e4 e5 2.Nf3 Nc6 3.Bb5 g6 4.d4 exd4 5.Bg5 Be7 6.Bxe7 Qxe7 7.Bxc6 bxc6 8.
Qxd4 Nf6 9.O-O O-O 10.Nc3 d6 11.e5 Nd7 12.Rfe1 Nxe5 13.Nxe5 dxe5 14.Rxe5 
Qd6 15.Qe3 Bf5 16.Rd1 Qf6 17.Rd2 Qxe5 18.Qxe5 Rfe8 19.Qxe8+ Rxe8 20.Kf1 
Rb8 21.b3 Kf8 22.Na4 Rb5 23.f3 Rd5 24.Ke1 Re5+ 25.Kf2 Ke7 26.c4 Ke8 27.Re2
Rxe2+ 28.Kxe2 g5 29.Ke3 Ke7 30.Kd4 Kd6 31.Nc5 Ke7 32.Na6 Bc8 33.Nb4 Bb7 
34.Kc5 Kd7 35.Nc2 Ke6 36.Nd4+ Kd7 37.Nf5 Ba8 38.b4 a6 39.a4 Bb7 40.Nd4 f6 
41.Nb3 h5 42.g3 Ba8 43.Nd4 Bb7 44.Nf5 Ba8 45.h4 Ke6 46.Nd4+ Ke5 47.Nxc6+ 
Kf5 48.Ne7+ Ke5 49.Nd5 c6 50.f4+ gxf4 51.Nxf4 1-0

[Event "42nd POL-ch (w)"]
[Site "Konin POL"]
[Date "1990.03.??"]
[Round "5"]
[White "Wierzbicka, Ewa"]
[Black "Zietek-Czerwonska, Beata"]
[Result "1/2-1/2"]
[WhiteElo "2030"]
[BlackElo "2095"]
[EventDate "1990.03.13"]
[PlyCount "24"]

1.e4 c5 2.Nf3 Nc6 3.d4 cxd4 4.Nxd4 e5 5.Nb5 d6 6.c4 Be7 7.N1c3 a6 8.Na3 
Be6 9.Be2 Bg5 10.Nd5 Bxc1 11.Rxc1 Nd4 12.O-O Bxd5 1/2-1/2

[Event "42nd POL-ch (w)"]
[Site "Konin POL"]
[Date "1990.03.??"]
[Round "6"]
[White "Dabrowska, Krystyna"]
[Black "Swiecik, Iwona"]
[Result "1/2-1/2"]
[WhiteElo "2160"]
[BlackElo "2165"]
[EventDate "1990.03.13"]
[PlyCount "91"]

1.e4 c5 2.Nf3 Nc6 3.d4 cxd4 4.Nxd4 Nf6 5.Nc3 e5 6.Ndb5 d6 7.Bg5 a6 8.Na3 
b5 9.Nd5 Be7 10.Bxf6 Bxf6 11.c3 O-O 12.Nc2 Rb8 13.Be2 Bg5 14.Qd3 g6 15.Rd1
a5 16.O-O Be6 17.b4 Kh8 18.a3 f5 19.f3 Qd7 20.c4 bxc4 21.Qxc4 axb4 22.axb4
Rfc8 23.Qb3 Ne7 24.Kh1 Qb7 25.Bc4 Qc6 26.Na3 Bxd5 27.exd5 Qb6 28.Rb1 Rc7 
29.Be2 Rcb7 30.b5 Qc5 31.Rfd1 Kg7 32.Nc2 Qf2 33.Bf1 Bf4 34.g3 Bg5 35.Nb4 
Be3 36.Bg2 Rxb5 37.Qc4 Rc5 38.Qa6 Rxb4 39.Rxb4 Rxd5 40.Rbb1 Rxd1+ 41.Rxd1 
Bc5 42.Qa1 Kf7 43.Qc3 Bd4 44.Qd3 Bc5 45.Qc3 Bd4 46.Qd3 1/2-1/2

[Event "42nd POL-ch (w)"]
[Site "Konin POL"]
[Date "1990.03.??"]
[Round "6"]
[White "Detko, Joanna"]
[Black "Sikora-Gizynska, Bozena"]
[Result "1/2-1/2"]
[WhiteElo "2090"]
[BlackElo "2230"]
[EventDate "1990.03.13"]
[PlyCount "87"]

1.e4 c5 2.c3 d5 3.exd5 Qxd5 4.d4 Nc6 5.Nf3 e6 6.Be3 cxd4 7.Nxd4 Nxd4 8.
Qxd4 Nf6 9.Qxd5 Nxd5 10.Bd4 Bd7 11.g3 Bc6 12.Bg2 Nb4 13.Bxc6+ Nxc6 14.Be3 
Be7 15.Nd2 h5 16.Ke2 f6 17.b3 Kf7 18.Rhc1 Rhc8 19.a3 Rd8 20.b4 b6 21.a4 
Rab8 22.f3 Rb7 23.Nb3 Ne5 24.a5 Nc4 25.axb6 axb6 26.Bf2 e5 27.Rd1 Rxd1 28.
Rxd1 Kg6 29.Ra1 Kf7 30.Nd2 Nxd2 31.Kxd2 b5 32.Ra5 Ke8 33.Ra8+ Kf7 34.Ra6 
Ke8 35.Ra8+ Kf7 36.Rh8 Kg6 37.Rc8 Kf7 38.Bc5 Bxc5 39.bxc5 Ke6 40.c6 Ra7 
41.Rd8 Rc7 42.Rb8 Kd6 43.Rxb5 Kxc6 44.Rb4 1/2-1/2

[Event "42nd POL-ch (w)"]
[Site "Konin POL"]
[Date "1990.03.??"]
[Round "6"]
[White "Jagodzinska, Joanna"]
[Black "Wierzbicka, Ewa"]
[Result "0-1"]
[WhiteElo "2145"]
[BlackElo "2030"]
[EventDate "1990.03.13"]
[PlyCount "68"]

1.e4 c5 2.Nf3 d6 3.d4 cxd4 4.Nxd4 Nf6 5.Nc3 a6 6.Be2 e5 7.Nb3 Be6 8.Bg5 
Nbd7 9.Qd3 h6 10.Bxf6 Nxf6 11.Qg3 b5 12.a3 Qc7 13.Nd2 d5 14.exd5 Nxd5 15.
Nxd5 Bxd5 16.O-O Be7 17.c4 bxc4 18.Bxc4 Bxc4 19.Rac1 O-O 20.Nxc4 Bg5 21.
Rc3 Bf4 22.Qh3 f5 23.g3 Bg5 24.Rd1 Qb7 25.Qg2 e4 26.f3 Bf6 27.Rcc1 exf3 
28.Qf2 Rad8 29.b4 Bg5 30.Ra1 Qe4 31.Nd6 Qe6 32.Qa2 Qxa2 33.Rxa2 Rf6 34.h4 
Be3+ 0-1

[Event "42nd POL-ch (w)"]
[Site "Konin POL"]
[Date "1990.03.??"]
[Round "6"]
[White "Kaczorowska, Barbara"]
[Black "Fornal, Agnieszka"]
[Result "0-1"]
[WhiteElo "2195"]
[BlackElo "2170"]
[EventDate "1990.03.13"]
[PlyCount "128"]

1.e4 c6 2.d4 d5 3.Nd2 dxe4 4.Nxe4 Bf5 5.Ng3 Bg6 6.h4 h6 7.h5 Bh7 8.Nf3 Nd7
9.Bd3 Bxd3 10.Qxd3 Ngf6 11.Bd2 Qc7 12.O-O-O O-O-O 13.Qe2 e6 14.Ne5 Nb6 15.
Ba5 Bd6 16.Nc4 Rhe8 17.Ne4 Nxe4 18.Qxe4 c5 19.Nxd6+ Qxd6 20.dxc5 Qxc5 21.
Bc3 Rxd1+ 22.Rxd1 Qxh5 23.f4 f6 24.a4 Qf5 25.Qd4 Qd5 26.Qf2 Qc6 27.a5 Nd5 
28.Rd3 Kb8 29.Bd4 a6 30.Rb3 Rc8 31.Kb1 Qa4 32.Qd2 Rc4 33.Bf2 Rb4 34.f5 
Rxb3 35.cxb3 Qe4+ 36.Ka1 exf5 37.Bc5 Qe6 38.Bf8 g5 39.Bxh6 f4 40.Bf8 Qc6 
41.Kb1 Kc8 42.Qd3 Qe6 43.Qc4+ Kd7 44.b4 f5 45.Qc5 g4 46.Qa7 Qe4+ 47.Ka2 
Nxb4+ 48.Kb3 Nd3 49.Bg7 Qd5+ 50.Kc3 Ne1 51.Bd4 Qxa5+ 52.b4 Qc7+ 53.Kd2 
Nxg2 54.Qa8 f3 55.Qf8 Qf4+ 56.Kc3 Qc1+ 57.Kb3 Qd1+ 58.Kc3 Qa1+ 59.Kc4 Qa2+
60.Kc5 Qc2+ 61.Kb6 Qc7+ 62.Ka7 b6+ 63.Kxa6 Qc4+ 64.b5 Qxd4 0-1

[Event "42nd POL-ch (w)"]
[Site "Konin POL"]
[Date "1990.03.??"]
[Round "6"]
[White "Leszner-Bakalarz, Liliana"]
[Black "Lissowska, Anna"]
[Result "0-1"]
[WhiteElo "2175"]
[BlackElo "2220"]
[EventDate "1990.03.13"]
[PlyCount "65"]

1.e4 e6 2.Qe2 c5 3.f4 Nc6 4.Nf3 Nf6 5.g3 d5 6.d3 Be7 7.Bg2 b6 8.e5 Nd7 9.
c4 dxc4 10.dxc4 Bb7 11.O-O Qc7 12.Nc3 a6 13.Rd1 Nd4 14.Nxd4 cxd4 15.Ne4 
Nc5 16.Nd6+ Bxd6 17.exd6 Qxd6 18.Bxb7 Nxb7 19.Qe4 Qc7 20.Rxd4 O-O 21.b4 
Rac8 22.Bb2 Nd6 23.Qe2 Nxc4 24.Rc1 b5 25.Qg4 Qb6 26.Bc3 e5 27.fxe5 Nxe5 
28.Qe4 Nc6 29.Kg2 Nxd4 30.Bxd4 Qg6 31.Re1 Qxe4+ 32.Rxe4 Rc2+ 33.Kh3 0-1

[Event "42nd POL-ch (w)"]
[Site "Konin POL"]
[Date "1990.03.??"]
[Round "6"]
[White "Grochot, Czeslawa"]
[Black "Klusek, Danuta"]
[Result "0-1"]
[WhiteElo "2050"]
[BlackElo "2150"]
[EventDate "1990.03.13"]
[PlyCount "80"]

1.e4 e5 2.Nf3 Nc6 3.Bb5 a6 4.Ba4 b5 5.Bb3 Na5 6.O-O d6 7.d4 exd4 8.a4 Nxb3
9.cxb3 b4 10.Nxd4 Bb7 11.Re1 Be7 12.Nd2 Bf6 13.Nc4 Ne7 14.Na5 Rb8 15.f4 c5
16.Nxb7 Rxb7 17.Nf3 Nc6 18.Qe2 a5 19.e5 dxe5 20.fxe5 Be7 21.e6 O-O 22.Rd1 
Qc8 23.exf7+ Rxf7 24.Qc4 Qf5 25.Be3 Ne5 26.Nxe5 Qxe5 27.Re1 Qh5 28.Bf2 Kh8
29.Bg3 Rf8 30.Qe4 Rd7 31.Rac1 h6 32.Rc2 Bf6 33.Qe2 Qg6 34.Qc4 Bd4+ 35.Kh1 
Rdf7 36.Rcc1 Bxb2 37.Rb1 Bd4 38.Qb5 Bf2 39.Bxf2 Rxf2 40.Rg1 Rxg2 0-1

[Event "42nd POL-ch (w)"]
[Site "Konin POL"]
[Date "1990.03.??"]
[Round "6"]
[White "Zietek-Czerwonska, Beata"]
[Black "Majtyka, Bozena"]
[Result "1/2-1/2"]
[WhiteElo "2095"]
[BlackElo "2090"]
[EventDate "1990.03.13"]
[PlyCount "83"]

1.Nf3 d5 2.b3 Nf6 3.Bb2 c6 4.e3 Bg4 5.Be2 e6 6.d3 Nbd7 7.Nbd2 Bd6 8.h3 
Bxf3 9.Nxf3 O-O 10.O-O Qe7 11.Re1 e5 12.Nd2 e4 13.c4 Rad8 14.Qc2 Bb8 15.
cxd5 cxd5 16.dxe4 Rc8 17.Qb1 dxe4 18.Nc4 b5 19.Nd2 Qd6 20.Nf1 a6 21.Rd1 
Qe6 22.Bd4 Qf5 23.a4 Ne5 24.f4 Nc6 25.Bxf6 gxf6 26.Bg4 Qg6 27.Bxc8 Rxc8 
28.axb5 axb5 29.Rc1 Kh8 30.Ra8 Rg8 31.Rc2 Nb4 32.Rd2 Nd3 33.Qa1 b4 34.g4 
h5 35.Rg2 Kh7 36.g5 fxg5 37.Rxg5 Qxg5+ 38.fxg5 Rxg5+ 39.Ng3 Rxg3+ 40.Kf1 
Rf3+ 41.Kg2 Be5 42.Qa5 1/2-1/2

[Event "42nd POL-ch (w)"]
[Site "Konin POL"]
[Date "1990.03.??"]
[Round "7"]
[White "Swiecik, Iwona"]
[Black "Detko, Joanna"]
[Result "1-0"]
[WhiteElo "2165"]
[BlackElo "2090"]
[EventDate "1990.03.13"]
[PlyCount "61"]

1.e4 e5 2.Nf3 Nc6 3.Bb5 a6 4.Ba4 Nf6 5.O-O Be7 6.Re1 b5 7.Bb3 O-O 8.c3 d5 
9.exd5 e4 10.dxc6 exf3 11.d4 Bg4 12.h3 Bh5 13.g4 Nxg4 14.hxg4 Bxg4 15.Re4 
h5 16.Bf4 Bd6 17.Bxd6 Qxd6 18.Nd2 Rae8 19.Bc2 f5 20.Re5 Qg6 21.Nf1 Bh3+ 
22.Ng3 Bg4 23.Kh1 h4 24.Nf1 Kh8 25.Ne3 Qxc6 26.Nxg4 fxg4 27.Rh5+ Kg8 28.
Bb3+ Rf7 29.Rf5 Re7 30.Bxf7+ Rxf7 31.Qb3 1-0

[Event "42nd POL-ch (w)"]
[Site "Konin POL"]
[Date "1990.03.??"]
[Round "7"]
[White "Erenska-Radzewska, Hanna"]
[Black "Kaczorowska, Barbara"]
[Result "1/2-1/2"]
[WhiteElo "2270"]
[BlackElo "2195"]
[EventDate "1990.03.13"]
[PlyCount "98"]

1.e4 c6 2.d4 d5 3.exd5 cxd5 4.Bd3 Nc6 5.c3 Qc7 6.h3 g6 7.Ne2 Bf5 8.Bxf5 
gxf5 9.Bf4 Qd7 10.Nd2 Nf6 11.Nf3 Rg8 12.g3 Ne4 13.Qa4 e6 14.O-O Bd6 15.Kh2
Ne5 16.Qxd7+ Nxd7 17.Bxd6 Nxd6 18.Ne1 Ke7 19.Nd3 Rac8 20.a4 Nf6 21.Rfe1 
Nfe4 22.Kg2 Nc4 23.a5 Rgd8 24.Nef4 Rg8 25.Ra2 Kd7 26.h4 Rc7 27.Nh5 Ke7 28.
Re2 Rcc8 29.Nb4 Nf6 30.Nf4 Kd7 31.Ra1 Nd6 32.f3 Rg7 33.Kf2 a6 34.Nbd3 Rcg8
35.Rg1 Nc4 36.Nc5+ Kc8 37.b4 Re8 38.Ra2 Nd6 39.Rc2 Kb8 40.Ra2 Nb5 41.Rc2 
Nd6 42.Rg2 Nb5 43.Rc1 Nd6 44.Ke2 Reg8 45.Rcg1 Kc8 46.Kd3 Kb8 47.Ne2 Kc8 
48.Nf4 Kb8 49.Ke3 Ka7 1/2-1/2

[Event "42nd POL-ch (w)"]
[Site "Konin POL"]
[Date "1990.03.??"]
[Round "7"]
[White "Fornal, Agnieszka"]
[Black "Leszner-Bakalarz, Liliana"]
[Result "1/2-1/2"]
[WhiteElo "2170"]
[BlackElo "2175"]
[EventDate "1990.03.13"]
[PlyCount "150"]

1.d4 Nf6 2.c4 d6 3.Nc3 Nbd7 4.e4 e5 5.Nf3 Be7 6.Qc2 O-O 7.Be2 c6 8.h3 Re8 
9.O-O Qc7 10.Rd1 a6 11.a4 a5 12.Be3 exd4 13.Nxd4 Bf8 14.Bg5 h6 15.Bh4 g6 
16.Nb3 Qb6 17.Rd2 Be7 18.Bg3 Nc5 19.Nxc5 dxc5 20.e5 Bf5 21.Bd3 Bxd3 22.
Rxd3 Nh5 23.Ne4 Rad8 24.Rad1 Nxg3 25.Nxg3 Rxd3 26.Rxd3 Bg5 27.Ne2 Qb4 28.
f4 Be7 29.Rd7 Kg7 30.Kh2 b5 31.f5 gxf5 32.Qxf5 Qxc4 33.Nf4 Bg5 34.Nh5+ Kg8
35.Rd6 Qe2 36.Nf6+ Bxf6 37.exf6 Qe5+ 38.Qxe5 Rxe5 39.Rxc6 bxa4 40.Ra6 c4 
41.Rc6 Rb5 42.Rxc4 Rxb2 43.Rxa4 Rb5 44.h4 Kh7 45.Rg4 Kh8 46.Kh3 Rf5 47.Ra4
h5 48.Rd4 Kh7 49.Rd6 Kg6 50.Ra6 Rb5 51.Kh2 Kf5 52.Kg3 Rb3+ 53.Kh2 Ra3 54.
Rb6 Re3 55.Ra6 Re5 56.Kg3 Rd5 57.Kh2 Ke5 58.Kg3 Rb5 59.Kh2 Rc5 60.Kg3 Rc3+
61.Kh2 Ra3 62.Rb6 a4 63.Rb5+ Kxf6 64.Rxh5 Rc3 65.Ra5 a3 66.g3 Rc2+ 67.Kh3 
a2 68.h5 Kg7 69.Ra6 Kh7 70.Kg4 f6 71.Kf5 Rf2+ 72.Ke6 Kh6 73.g4 Kg5 74.Kf7 
f5 75.gxf5 Rxf5+ 1/2-1/2

[Event "42nd POL-ch (w)"]
[Site "Konin POL"]
[Date "1990.03.??"]
[Round "7"]
[White "Klusek, Danuta"]
[Black "Dabrowska, Krystyna"]
[Result "1-0"]
[WhiteElo "2150"]
[BlackElo "2160"]
[EventDate "1990.03.13"]
[PlyCount "103"]

1.e4 e5 2.Nf3 Nc6 3.Bb5 g6 4.c3 a6 5.Ba4 d6 6.d4 Bd7 7.O-O Bg7 8.Bg5 Nge7 
9.dxe5 dxe5 10.Nbd2 h6 11.Be3 b6 12.Ne1 O-O 13.Bc2 Be6 14.Qe2 g5 15.Rd1 
Qc8 16.Bb3 Ng6 17.Bxe6 Qxe6 18.Qc4 Qd7 19.Nc2 Rfd8 20.Qe2 Qd3 21.Qxd3 Rxd3
22.Nb3 Rad8 23.Rxd3 Rxd3 24.Re1 Nf4 25.g3 Ne6 26.Kf1 Kf8 27.Ke2 Rd7 28.Rd1
Rxd1 29.Kxd1 Ke8 30.Ke2 Ke7 31.Bd2 g4 32.Ne3 h5 33.Nf5+ Kf6 34.f3 Kg6 35.
Nh4+ Kh7 36.Nf5 Bf6 37.fxg4 hxg4 38.Nh6 Bg5 39.Nxg4 Bxd2 40.Nxd2 Kg6 41.
Ne3 Ne7 42.h4 f6 43.Kf3 Nc5 44.g4 Kh6 45.Nf5+ Nxf5 46.exf5 Na4 47.Ne4 Nxb2
48.Nxf6 c5 49.g5+ Kg7 50.h5 Nd3 51.h6+ Kf8 52.g6 1-0

[Event "42nd POL-ch (w)"]
[Site "Konin POL"]
[Date "1990.03.??"]
[Round "7"]
[White "Lissowska, Anna"]
[Black "Grochot, Czeslawa"]
[Result "1/2-1/2"]
[WhiteElo "2220"]
[BlackElo "2050"]
[EventDate "1990.03.13"]
[PlyCount "83"]

1.d4 Nf6 2.c4 c5 3.d5 e5 4.Nc3 d6 5.e4 Be7 6.Nf3 O-O 7.h3 Na6 8.Be2 Nc7 9.
a3 Nfe8 10.b4 b6 11.Bd3 g6 12.Bh6 Ng7 13.g4 Nce8 14.Rg1 Kh8 15.Qc2 Nf6 16.
Ke2 Ng8 17.Bd2 f5 18.Nh2 Bg5 19.gxf5 Bxd2 20.Qxd2 gxf5 21.Qg5 Qxg5 22.Rxg5
f4 23.Rag1 Ne8 24.h4 Ne7 25.Nf3 Bd7 26.Bc2 a5 27.bxc5 bxc5 28.Rb1 Nc8 29.
Ba4 Bxa4 30.Nxa4 Nf6 31.Nc3 Ra6 32.Rb5 Rb6 33.Kd3 Rxb5 34.Nxb5 Nd7 35.Nd2 
Ncb6 36.Nb3 a4 37.Na5 Rf7 38.Nc6 Rg7 39.Rxg7 Kxg7 40.Nd8 Kf6 41.Nb7 Ke7 
42.Na5 1/2-1/2

[Event "42nd POL-ch (w)"]
[Site "Konin POL"]
[Date "1990.03.??"]
[Round "7"]
[White "Majtyka, Bozena"]
[Black "Jagodzinska, Joanna"]
[Result "1-0"]
[WhiteElo "2090"]
[BlackElo "2145"]
[EventDate "1990.03.13"]
[PlyCount "127"]

1.e4 c5 2.Nc3 d6 3.g3 g6 4.Bg2 Bg7 5.d3 Nc6 6.Be3 e6 7.Qd2 Qa5 8.Nge2 Nd4 
9.Nc1 Ne7 10.O-O Nec6 11.Nb3 Qb4 12.f4 O-O 13.Rae1 a5 14.Qf2 a4 15.a3 Qb6 
16.Nxd4 cxd4 17.Bc1 Qc5 18.Nd1 Bd7 19.c4 b5 20.cxb5 Qxb5 21.Qe2 Rac8 22.
Nf2 Na5 23.e5 dxe5 24.fxe5 Nb3 25.Bg5 Qxe5 26.Qxe5 Bxe5 27.Rxe5 f6 28.Ng4 
fxe5 29.Nf6+ Kg7 30.Nxd7 Rxf1+ 31.Kxf1 h6 32.Bf6+ Kf7 33.Bxe5 Rc1+ 34.Kf2 
Rc2+ 35.Kf3 Rd2 36.Bf4 Rxb2 37.Bxh6 Nd2+ 38.Kg4 Nb1 39.Be4 Rxh2 40.Bg5 
Nxa3 41.Nb6 Nb5 42.Nxa4 Rf2 43.Nc5 Nd6 44.Bf4 Nxe4 45.Nxe4 Re2 46.Kf3 Re1 
47.Kf2 Ra1 48.Be5 Ra5 49.Bxd4 e5 50.Bc3 Ra3 51.Ke3 Ke6 52.Bb4 Ra2 53.Nd2 
Ra4 54.Bc3 Rg4 55.Kf3 Rg5 56.g4 e4+ 57.Nxe4 Rb5 58.Bd4 Rb4 59.Ke3 Kd5 60.
Nc3+ Ke6 61.Ne2 Rb1 62.Nf4+ Kf7 63.g5 Re1+ 64.Kf2 1-0

[Event "42nd POL-ch (w)"]
[Site "Konin POL"]
[Date "1990.03.??"]
[Round "7"]
[White "Sikora-Gizynska, Bozena"]
[Black "Zietek-Czerwonska, Beata"]
[Result "1-0"]
[WhiteElo "2230"]
[BlackElo "2095"]
[EventDate "1990.03.13"]
[PlyCount "61"]

1.e4 c5 2.Nf3 Nc6 3.Bb5 g6 4.Bxc6 dxc6 5.d3 Bg7 6.h3 Qc7 7.O-O Bd7 8.a4 
Rd8 9.Qe1 e5 10.Be3 b6 11.Na3 Ne7 12.a5 O-O 13.axb6 axb6 14.Nc4 Nc8 15.Qc3
f5 16.Qb3 Kh8 17.exf5 Bxf5 18.Ng5 h6 19.Ne4 Rf7 20.Ra6 Bxe4 21.dxe4 b5 22.
Na5 c4 23.Qc3 Rf6 24.b3 cxb3 25.cxb3 c5 26.Rxf6 Bxf6 27.Bxc5 Nd6 28.b4 Kg7
29.Qc2 Re8 30.Rd1 Be7 31.Qd3 1-0

[Event "42nd POL-ch (w)"]
[Site "Konin POL"]
[Date "1990.03.??"]
[Round "8"]
[White "Detko, Joanna"]
[Black "Klusek, Danuta"]
[Result "1-0"]
[WhiteElo "2090"]
[BlackElo "2150"]
[EventDate "1990.03.13"]
[PlyCount "75"]

1.e4 Nf6 2.e5 Nd5 3.d4 d6 4.c4 Nb6 5.exd6 cxd6 6.Nc3 g6 7.Bg5 Bg7 8.Rc1 
Nc6 9.d5 Ne5 10.Nf3 Bg4 11.b3 O-O 12.Be2 Bxf3 13.Bxf3 Qd7 14.O-O Rfe8 15.
Be2 Qc8 16.Be3 Ned7 17.Bg4 Qd8 18.Re1 Nf6 19.Bd4 Nxg4 20.Qxg4 Bxd4 21.Qxd4
Nd7 22.Re2 Nf6 23.Rce1 Qd7 24.a4 a6 25.a5 Qc7 26.b4 Rac8 27.Ne4 Nxe4 28.
Rxe4 Qd7 29.Qe3 h5 30.h3 Qa4 31.c5 dxc5 32.Rxe7 Rxe7 33.Qxe7 Qxb4 34.d6 
Qxa5 35.d7 Rb8 36.Qe8+ Kg7 37.Re7 Qa1+ 38.Kh2 1-0

[Event "42nd POL-ch (w)"]
[Site "Konin POL"]
[Date "1990.03.??"]
[Round "8"]
[White "Jagodzinska, Joanna"]
[Black "Sikora-Gizynska, Bozena"]
[Result "1/2-1/2"]
[WhiteElo "2145"]
[BlackElo "2230"]
[EventDate "1990.03.13"]
[PlyCount "52"]

1.e4 c5 2.Nf3 Nc6 3.d4 cxd4 4.Nxd4 e5 5.Nb5 d6 6.N1c3 a6 7.Na3 b5 8.Nd5 
Rb8 9.c3 Be7 10.Bd3 Be6 11.O-O Nf6 12.Nxe7 Qxe7 13.Bg5 h6 14.Bxf6 Qxf6 15.
Nc2 O-O 16.Ne3 Ne7 17.Bc2 Rfd8 18.Bb3 Qg6 19.Qf3 Rf8 20.Rfd1 Rbd8 21.Rd2 
Kh8 22.Rad1 Bc8 23.h3 Bb7 24.Bd5 Bc8 25.a3 Kh7 26.Kh2 h5 1/2-1/2

[Event "42nd POL-ch (w)"]
[Site "Konin POL"]
[Date "1990.03.??"]
[Round "8"]
[White "Kaczorowska, Barbara"]
[Black "Wierzbicka, Ewa"]
[Result "1-0"]
[WhiteElo "2195"]
[BlackElo "2030"]
[EventDate "1990.03.13"]
[PlyCount "69"]

1.d4 Nf6 2.c4 g6 3.Nf3 Bg7 4.Nc3 O-O 5.e3 d6 6.Bd3 Nbd7 7.O-O e5 8.b3 c6 
9.Ba3 Re8 10.Qc2 Qc7 11.Rad1 exd4 12.Nxd4 Nc5 13.Bxc5 dxc5 14.Nde2 Qe5 15.
Ng3 h5 16.h3 h4 17.Nge4 Nh5 18.Ne2 Bf5 19.Nd2 Ng3 20.Nf3 Bxd3 21.Rxd3 
Nxe2+ 22.Qxe2 Qe7 23.Rfd1 Rad8 24.Qe1 Bf6 25.Qa5 b6 26.Qe1 b5 27.Qa5 Rxd3 
28.Rxd3 Qe4 29.Rd6 Be7 30.Nd2 Qc2 31.Rd7 Qd1+ 32.Kh2 Qe1 33.Rxe7 Rxe7 34.
Qd8+ Kg7 35.Nf3 1-0

[Event "42nd POL-ch (w)"]
[Site "Konin POL"]
[Date "1990.03.??"]
[Round "8"]
[White "Lissowska, Anna"]
[Black "Fornal, Agnieszka"]
[Result "1/2-1/2"]
[WhiteElo "2220"]
[BlackElo "2170"]
[EventDate "1990.03.13"]
[PlyCount "52"]

1.d4 d5 2.c4 c6 3.Nc3 Nf6 4.Nf3 dxc4 5.a4 Bf5 6.e3 e6 7.Bxc4 Bb4 8.O-O O-O
9.Nh4 Bg6 10.Nxg6 hxg6 11.Qe2 Nbd7 12.Rd1 Qa5 13.Bd2 Qh5 14.Qxh5 gxh5 15.
f3 e5 16.Be1 exd4 17.exd4 Nb6 18.Bb3 a5 19.Bh4 Nfd5 20.Rac1 Rac8 21.Ne4 
Rfe8 22.Kf2 Kh8 23.Nc5 Rc7 24.Rd3 f6 25.Kf1 Rce7 26.Bf2 g5 1/2-1/2

[Event "42nd POL-ch (w)"]
[Site "Konin POL"]
[Date "1990.03.??"]
[Round "8"]
[White "Grochot, Czeslawa"]
[Black "Dabrowska, Krystyna"]
[Result "0-1"]
[WhiteElo "2050"]
[BlackElo "2160"]
[EventDate "1990.03.13"]
[PlyCount "56"]

1.e4 e5 2.Nf3 Nc6 3.Bb5 a6 4.Ba4 d6 5.c3 g6 6.d4 Bd7 7.Bg5 Be7 8.Bxe7 Qxe7
9.d5 Nb8 10.c4 b5 11.cxb5 axb5 12.Bc2 f5 13.exf5 gxf5 14.O-O Nf6 15.Nh4 
Qf7 16.Nxf5 Qxd5 17.Qe2 Nc6 18.Nc3 Qf7 19.Nxb5 Kd8 20.Bb3 Qg6 21.Ne3 Nh5 
22.Qf3 Nf4 23.Kh1 Rb8 24.Bc4 Na5 25.b3 Bc6 26.Nd5 Nxd5 27.Na7 Ne7 28.Nxc6+
Naxc6 0-1

[Event "42nd POL-ch (w)"]
[Site "Konin POL"]
[Date "1990.03.??"]
[Round "8"]
[White "Wiese-Jozwiak, Malgorzata"]
[Black "Majtyka, Bozena"]
[Result "1-0"]
[WhiteElo "2225"]
[BlackElo "2090"]
[EventDate "1990.03.13"]
[PlyCount "113"]

1.e4 c6 2.d4 d5 3.Nd2 dxe4 4.Nxe4 Bf5 5.Ng3 Bg6 6.N1e2 Nf6 7.c3 e6 8.Nf4 
Bd6 9.h4 Qc7 10.Qf3 Nbd7 11.h5 Bc2 12.h6 g6 13.Bc4 Nd5 14.Bxd5 cxd5 15.O-O
O-O-O 16.c4 dxc4 17.b3 c3 18.Nfe2 Qc6 19.Qxc3 Qxc3 20.Nxc3 Kb8 21.Nge4 Bb4
22.Bf4+ Ka8 23.Rac1 Bxe4 24.Nxe4 Nb6 25.Be5 Rhe8 26.Nf6 Re7 27.Rfd1 Ba3 
28.Rb1 Nd7 29.Nxh7 Nxe5 30.dxe5 Rh8 31.Nf6 Rc7 32.Rd3 a6 33.Ng4 Bc1 34.Rh3
Rc2 35.g3 Ba3 36.Ra1 Bb2 37.Rd1 Rc1 38.Rxc1 Bxc1 39.Kg2 Kb8 40.f4 Ba3 41.
Kf3 Bf8 42.Rh2 Kc7 43.h7 Bg7 44.Nf6 Kc8 45.Ne4 Rf8 46.Nd6+ Kc7 47.Rc2+ Kb8
48.Ne4 Rh8 49.Ng5 Rf8 50.g4 Bh8 51.Ke4 Bg7 52.f5 exf5+ 53.gxf5 gxf5+ 54.
Kxf5 Bh8 55.Ne4 Re8 56.Nf6 Rd8 57.Rg2 1-0

[Event "42nd POL-ch (w)"]
[Site "Konin POL"]
[Date "1990.03.??"]
[Round "8"]
[White "Zietek-Czerwonska, Beata"]
[Black "Swiecik, Iwona"]
[Result "1-0"]
[WhiteElo "2095"]
[BlackElo "2165"]
[EventDate "1990.03.13"]
[PlyCount "43"]

1.Nf3 d6 2.b3 e5 3.c4 f5 4.Bb2 Nf6 5.d3 Be7 6.Nc3 O-O 7.e3 Nbd7 8.Be2 Nc5 
9.b4 Ne6 10.O-O Qe8 11.Nd5 Bd8 12.Qb3 Kh8 13.Rfe1 Qg6 14.Rac1 e4 15.Nh4 
Qg5 16.Nxf6 Bxf6 17.g3 Bxb2 18.Qxb2 f4 19.dxe4 fxe3 20.fxe3 Nf4 21.Bf1 
Nh3+ 22.Bxh3 1-0